Quick Pick: Cardinals Hall of Famers Quiz Stats

 Plays Quiz Updated Jul 3, 2018

Challenge
Share
Tweet
Embed
Score 0/10 Timer 01:00
0 Plays Today
% Correct
Musial
87.9%
Smith
87.9%
Dean
87.2%
Gibson
86.8%
Brock
86.8%
Hornsby
84.9%
Slaughter
80.2%
Frisch
77.2%
Schoendienst
74.2%
Medwick
70.4%

Today's Daily Dose

Missing Word
Madam, I'm Adam

Quick Pick
Meat vs Animal

On This Day
October 21st II

You're not logged in!

Compare scores with friends on all Sporcle quizzes.
Join for Free
OR
Log In

You Might Also Like...

Show Comments

Extras

Top Quizzes Today


Score Distribution

Your Account Isn't Verified!

In order to create a playlist on Sporcle, you need to verify the email address you used during registration. Go to your Sporcle Settings to finish the process.

Report this User

Report this user for behavior that violates our Community Guidelines.

Details: